Sofía Urrutia (Registro nro. 319130)
[ vista simple ]
| 000 -ENCABEZADO | |
|---|---|
| Número de control [NR] | 00554nam a22001577a 4500 |
| 005 - FECHA Y HORA DE LA ÚLTIMA TRANSACCIÓN | |
| control field | 20211014103433.0 |
| 008 - DE LONGITUD FIJA DE DATOS DE ELEMENTOS - INFORMACIÓN GENERAL | |
| Elementos de longitud fija [NR] | 210902s2000 ck a|||gr|||| 00| 0 spa d |
| 020 ## - NUMERO INTERNACIONAL NORMALIZADO PARA LIBROS [R] | |
| Número Internacional Normalizado del libro [NR] | 9789589675090 |
| 082 ## - NUMERO DE CLASIFICACION DECIMAL DEWEY [R] | |
| Número de la edición [NR] | 20 |
| Número de clasificación [R] | 750.9861 |
| 100 ## - ASIENTO PRINCIPAL--NOMBRE PERSONAL [NR] | |
| Nombre personal [NR] | Urrutia, Sofía |
| ID Autoridad | 105185 |
| 245 10 - MENCION DE TITULO [NR] | |
| Título [NR] | Sofía Urrutia |
| Mención de responsabilidad, etc. [NR] | coordinacion editorial, José Antonio Carbonell B. |
| 260 ## - PUBLICACION, DISTRIBUCION, ETC. (PIE DE IMPRENTA) [R] | |
| Lugar de publicación, distribución, etc. [R] | Bogotá |
| Nombre del editor, distribuidor, etc. [R] | Seguros Bolívar |
| Fecha de publicación, distribución, etc. [R] | 2000 |
| 600 ## - ASIENTO SECUNDARIO DE MATERIA - NOMBRE PERSONAL [R] | |
| Nombre personal [NR] | Urrutia, Sofía |
| 9 (RLIN) | 105185 |
| 650 #7 - ASIENTO SECUNDARIO DE MATERIA - TERMINO TEMATICO [R] | |
| Término temático o nombre geográfico como elemento de entrada [NR] | Artistas plásticos colombianos |
| Subdivisión de forma [R] | Biografías |
| 9 (RLIN) | 105916 |
| 942 ## - ELEMENTOS DE ENTRADA AGREGADOS (KOHA) | |
| Sistema de clasificación | DEWEY |
| Tema principal | Arte |
| Tipo de ítem principal el descrito en 300a | Libro |
| Edición | 1 |
| Clasificación | 750.9861 |
| Parte restante de la signatura top. | U81 |
| Título oculto en OPAC | No |
| 999 ## - | |
| -- | 319130 |
| -- | 319130 |
| Fecha de último préstamo | Total préstamos | Signatura topográfica | Código de barras | Última vez visto | Ejemplar | Costo de reposición | Price effective from | Tipo de ítem | Nota pública (OPAC) | Perdido | Sistema de clasificación | Dañado | No prestable | Tipo de ítem específico | Suprimido | Ubicación habitual | Ubicación actual | Localización | Fecha de creación | Forma de adquisición | Costo |
|---|---|---|---|---|---|---|---|---|---|---|---|---|---|---|---|---|---|---|---|---|---|
| 01/02/2024 | 1 | 750.9861 U81 | 100167831 | 05/12/2025 | Ej.1 | 26000.00 | 02/09/2021 | Libro | Spot Artes Visuales | DEWEY | Libro | Claustro | Claustro | Mezanine | 02/09/2021 | Donación | 0.00 |